000 00460nam a22001817a 4500
003 NUST - PNEC
005 20170116180931.0
008 150905b xxu||||| |||| 00| 0 eng d
020 _a0071005315
020 _a0070354367
040 _cLIBRARY
082 _a621.31042 KRA
100 _98279
_aKrause, Paul C.
245 _aAnalysis of electric machinery
_cPaul C. Krause
260 _cc.1987
650 _98283
_aElectric machinery
_xEE
942 _2ddc
_cBK
999 _c65923
_d65923